|
|
แสดงรายละเอียดบรรณานุกรม |
|
|
Brief Record
: Get Marc (ISO 2709)
: E-mail record
: |
|
|
| LEADER 00000nam 2200000uu 4500 | |||
| 008 121114s2553||||th 000 0 tha d | |||
| 020 ^a9786162140723 | |||
| 040 ^abcnkk. | |||
| 041 0 ^atha. | |||
| 090 นว ท121ค 2553 | |||
| 100 0 ^aทมยันตี. | |||
| 245 00 ^aคำมั่นสัญญา/^cทมยันตี. | |||
| 250 ^aพิมพ์ครั้งที่ 12. | |||
| 260 ^aกรุงเทพฯ:^bณ บ้านวรรณกรรม,^c2553. | |||
| 300 ^a407 หน้า. | |||
| 650 0 ^aนวนิยายไทย. | |||
| 999 ^aใช้งานได้ทุกระบบ | |||
| คุณยังไม่ได้ล็อกอิน คุณสามารถมีกิจกรรมร่วมกับเว็บไซต์ได้ แต่ต้องล็อกอินก่อน :: |
|
| สถานะ | |||||||||
| 1. | นวนิยาย | นว ท121ค 2553 | On Shelf ขอยืม | ||||||
| 2. | นวนิยาย | นว ท121ค 2553 ฉ.2 | On Shelf ขอยืม | ||||||
| [แสดง 2/2 รายการ] | |||||||||
| รายการใกล้เคียง หัวเรื่อง [นวนิยายไทย.] |
BibComment |
| คอมเมนท์ทรัพยากรรายการนี้ |
|
|